MARC

LEADER 00000nam0a2200000 4500
001 173010
005 20240523142958.0
035 |a (RuTPU)RU\TPU\book\187666 
035 |a RU\TPU\book\159102 
090 |a 173010 
100 |a 20091217d1913 m y0rusy50 ca 
101 0 |a rus 
102 |a RU 
105 |a y z 000zy 
200 1 |a Сборник программ Химического Отделения Томского Технологического Института Императора Николая II за 1912/13 учебный год  |f Томский технологический институт 
210 |a Томск  |c Типография Сибирского Товарищества Печатного Дела  |d 1913 
215 |a [4], 130 с. 
300 |a Текст в русской дореформенной орфографии 
316 |5 63413507: 57//396  |a Один экземпляр неполный 
316 |5 63413507: 57//396  |a Пометы в тексте в обоих экземплярах 
318 |5 63413507  |a Из истории постановки учебного процесса в ТПУ (1900-1945 гг.) 
606 1 |a Техника  |x История  |2 stltpush  |3 (RuTPU)RU\TPU\subj\68282  |9 83710 
610 1 |a технические вузы 
610 1 |a Россия 
610 1 |a Сибирь 
610 1 |a Томский политехнический университет 
610 1 |a Томский технологический институт 
610 1 |a история 
610 1 |a 20 век 
610 1 |a учебные программы 
610 1 |a предметы 
610 1 |a практические занятия 
610 1 |a лаборатории 
610 1 |a графические работы 
610 1 |a химическое отделение 
610 1 |a Коллекция История ТПУ 
610 1 |a владельческие знаки 
675 |a 62(09)  |v 3 
686 |a Ч611.68  |2 rubbk 
712 0 2 |a Томский технологический институт  |c (1896-1923)  |3 (RuTPU)RU\TPU\col\9244  |9 24666 
801 1 |a RU  |b 63413507  |c 20081105  |g PSBO 
801 2 |a RU  |b 63413507  |c 20210417  |g PSBO 
942 |c BK